00631 2200241 4500001002100000005001500021035002000036245006300056100001700119250000600136300003500142700001600177260003900193082001000232084001600242020002200258650002400280990001700304990001700321990001700338990001700355990001700372INLIS00000000000047220181107025125 a0010-11180000151 aSastrawan Angkatan 45 /cAgus Maryoto; Editor, Yulianawati0 aAgus Maryoto a- aiv, 60 hlm. :bilus. ;c25 cm.0 aYulianawati aSemarang :bPT Sindua Press,c2009 a928.1 a928.1 AGU s a978-979-067-057-0 aBiografi Saastrawan a01627/P/2018 a01628/P/2018 a01629/P/2018 a01630/P/2018 a01746/P/2018